000 00459nam a2200169 i 4500
001 94560
003 ES-MaACL
005 20230906181517.0
007 t|
008 050509s1925 it ||||1| ita d
100 1 _aLoria, Gino.
_974208
245 1 0 _aMetodi di geometria descrittiva /
_cdi Gino Loria.
250 _a3ยช ed. riv. e migliorata.
260 _aMilano :
_bUlrico Hoepli,
_c1925.
300 _aXIX, 369 p. ;
_c15 cm.
852 _aES-MaACL
_jF-4345
999 _c94560
_d94560